00473nam a2200157Ia 4500001000700000003000500007008004100012010001100053040000900064082001600073100004000089245010300129260003700232300001100269650003500280Z_5865CHAP220113s2007 xx 000 0 und d a169073 cCHAP a636.4085 M4 aMejía Guadarrama, César Augusto aAlimentación del hato reproductor porcino /cCésar Augusto Mejía Guadarrama /cy otros /c aMéxico, D.F. :bINIFAP,c2007 a215 p. a!. Ganado porcinoxNutrición